Utilization of expanded graphite in butyl rubber compounds for the automobile tube applications (Record no. 72028)

MARC details
000 -LEADER
fixed length control field 00458nam a2200121Ia 4500
100 ## - MAIN ENTRY--AUTHOR NAME
Personal name Das C
245 #0 - TITLE STATEMENT
Title Utilization of expanded graphite in butyl rubber compounds for the automobile tube applications
260 ## - PUBLICATION, DISTRIBUTION, ETC. (IMPRINT)
Name of publisher India Rubber Expo & Tyre Show 2013. Conference & Workshop Abstracts, 22-24 January 2013, Mumbai, India. pp. 127-131.
650 ## - SUBJECT ADDED ENTRY--TOPICAL TERM
Topical Term Butyle rubber compounds
700 ## - ADDED ENTRY--PERSONAL NAME
Personal name Malas A
942 ## - ADDED ENTRY ELEMENTS (KOHA)
Koha item type Journals
Holdings
Withdrawn status Lost status Damaged status Not for loan Home library Current library Shelving location Date acquired Koha item type
      Journals RRII Library RRII Library Rubber technology 01/01/2016 Journals